[Event "Chesscup Rapid 2020"]
[Site "Katowice"]
[Date "2020.09.13"]
[Round "2.1"]
[White "Kukula, Karol"]
[Black "Socko, Bartosz"]
[Result "0-1"]
[WhiteElo "1739"]
[BlackElo "2601"]
[Annotator "TA"]
[PlyCount "78"]
[EventDate "2020.09.12"]
[EventType "swiss"]
[EventCountry "POL"]
[SourceTitle "playchess.com"]
[Source "ChessBase"]
[SourceQuality "1"]

{[%evp 21,78,-15,0,-33,-31,-52,-45,-47,-39,-97,-89,-99,-100,-98,-87,-89,-70,-83,-85,-89,-92,-97,-79,-117,-93,-119,-113,-108,-105,-109,-107,-117,-110,-117,-110,-116,-111,-144,-144,-139,-104,-116,-98,-152,-91,-91,-91,-91,-91,-91,-91,-91,-91,-91,-98,-309,-303,-6341,-6278]} 1. e4 c6 2. d4 d5 3. exd5 cxd5 4. c4 Nf6 5. Nc3 e6 6. Nf3 Bb4 7. Be2 dxc4 8. Bxc4 O-O 9. O-O b6 10. Bg5 Bb7 11. Rc1 Nc6 {[#]} 12. Ne4 $146 {E54: Nimzo-Indian: Rubinstein: Main Line: 7...dxc4 8 Bxc4.} ({Predecessor:} 12. a3 Be7 13. Qd3 h6 14. Bh4 Nh5 15. Bg3 Nxg3 16. hxg3 Bf6 17. Rfd1 Ne7 18. Ne4 Nd5 19. Ba6 Qe7 20. Ne5 Rfd8 21. Qe2 Bxa6 22. Qxa6 Bxe5 23. dxe5 {0-1 (38) Wang,H (2725)-Ganguly,S (2638) Changsha 2019}) 12... Be7 $1 13. Nxf6+ Bxf6 14. Bxf6 {Black is slightly better.} Qxf6 15. Qd2 ({Better is} 15. Bb5 $15 Rac8 16. Qa4) 15... Rfd8 {[%cal Rc6d4]} 16. Rfd1 {[#]} Nxd4 $1 {[%mdl 512]} 17. Nxd4 {aiming for Qe3.} e5 18. Bb3 {Black must now prevent Rc7.} Rxd4 19. Qe2 {Hoping for Rc7.} Rxd1+ 20. Rxd1 Bc6 21. f3 h6 22. Bd5 Re8 23. Bxc6 Qxc6 $17 {[%mdl 4096] Endgame KQR-KQR} 24. Qd3 e4 25. fxe4 Rxe4 26. h3 Qc5+ 27. Kh1 Qe5 28. Qd8+ Kh7 29. Qd3 f5 30. Rf1 a5 31. b3 b5 32. Qd7 ({White should try} 32. g4) 32... Re1 (32... Kg6 $142 $1 33. Qc6+ Kg5) 33. Rxe1 Qxe1+ {KQ-KQ} 34. Kh2 Qe5+ 35. Kg1 b4 36. Qd3 Kg6 37. Qc2 Qe3+ 38. Kf1 $2 {[#]} (38. Kh1 $17 {was necessary.}) 38... Kg5 $1 $19 39. Qc7 $2 {[#]} (39. Qb2 g6 40. Qh8) 39... Qf4+ $1 {Accuracy: White = 54%, Black = 90%.} 0-1

[Event "Chesscup Rapid 2020"]
[Site "Katowice"]
[Date "2020.09.13"]
[Round "2.2"]
[White "Piorun, Kacper"]
[Black "Lozitskiy, Oleksandr T"]
[Result "1-0"]
[WhiteElo "2596"]
[BlackElo "1778"]
[Annotator "TA"]
[PlyCount "49"]
[EventDate "2020.09.12"]
[EventType "swiss"]
[EventCountry "POL"]
[SourceTitle "playchess.com"]
[Source "ChessBase"]
[SourceQuality "1"]

{[%evp 9,49,11,17,9,30,19,27,0,0,-4,25,18,18,18,23,9,11,7,33,4,44,43,51,58,56,66,66,47,51,35,97,88,330,324,554,551,595,597,692,682,640,128]} 1. d4 d5 2. Nf3 c6 3. e3 Nf6 4. b3 Bg4 5. Bb2 e6 6. Nbd2 {[#] D04: Colle System.} c5 $146 ({Predecessor:} 6... Nbd7 7. h3 Bh5 8. c4 Bd6 9. Bd3 O-O 10. Qc2 Bg6 11. Bxg6 hxg6 12. O-O Rc8 {1-0 (49) Nakamura,H (2736)-Ramirez Alvarez,A (2567) chess.com INT 2020}) 7. h3 Bxf3 8. Qxf3 {White has an edge.} Nc6 9. a3 Be7 10. Bd3 O-O 11. O-O Rc8 12. dxc5 Bxc5 13. Rfd1 Be7 14. Qe2 a6 15. c4 Qc7 16. Rac1 Rfd8 17. b4 dxc4 18. Bxc4 b5 19. Bd3 Qb7 (19... Qb8 $14) 20. Ne4 $16 {[#] Nxf6+ is the strong threat.} Nxe4 $2 {Now Black is done in.} (20... Ne5 $16 {was worth a try.}) 21. Bxe4 $18 Qb6 $2 (21... Rd7 {is a better defense.} 22. Qc2 (22. Rxd7 Qxd7 23. Qc2 Na7 $18) 22... Rdc7) 22. Rxd8+ {White is clearly winning.} Bxd8 23. Qd2 {Black must now prevent Qd7!} Bf6 {[#]} 24. Bxf6 $1 gxf6 25. Qd3 $2 {Accuracy: White = 85%, Black = 49%.} (25. Qd6 $18) 1-0

[Event "Chesscup Rapid 2020"]
[Site "Katowice"]
[Date "2020.09.13"]
[Round "2.3"]
[White "Zabron, Maksym"]
[Black "Miton, Kamil"]
[Result "0-1"]
[WhiteElo "1932"]
[BlackElo "2590"]
[Annotator "TA"]
[PlyCount "72"]
[EventDate "2020.09.12"]
[EventType "swiss"]
[EventCountry "POL"]
[SourceTitle "playchess.com"]
[Source "ChessBase"]
[SourceQuality "1"]

{[%evp 9,71,2,9,18,22,10,12,-7,0,0,-2,0,0,0,0,-92,-90,-97,-100,-100,-89,-106,-72,-201,-209,-212,-206,-196,-185,-231,-235,-227,-227,-226,-208,-271,-271,-264,-261,-247,-207,-287,-289,-271,-262,-262,-259,-256,-252,-519,-513,-29991,-29992,-29992,-29993,-29993,-29994,-29995,-29996,-29997,-29998,-29998,-29999,-29999]} 1. d4 Nf6 2. c4 b6 3. Nc3 Bb7 4. d5 e6 5. e4 exd5 6. cxd5 {A50: Queen's Fianchetto Defence (1 d4 Nf6 2 c4 b6).} Bb4 7. Bd3 c6 $5 {[%cal Rc6d5][%mdl 4] Leaves trodden paths.} 8. dxc6 {[#] The position is equal.} Nxc6 $146 {[%cal Bb8c6,Bc6e5,Be5d3][%mdl 32] White should prevent ...d5.} ({Predecessor:} 8... dxc6 9. Bg5 h6 10. Bh4 Nbd7 11. Nge2 Nc5 12. Bc2 Qxd1+ 13. Rxd1 Ncxe4 14. O-O Ng5 {½-½ (64) Iotov,V (2588)-Dizdarevic,E (2475) Plovdiv 2010}) 9. Nge2 O-O 10. O-O Ne5 $36 {[%mdl 2048] Black has the initiative.} 11. Bf4 Re8 12. Nd5 (12. Bxe5 $11 {keeps the balance.} Rxe5 13. a3) 12... Nxd5 13. exd5 Nxd3 14. Qxd3 a5 {Threatens to win with ...Ba6.} 15. Nc3 Qf6 16. Bg3 {White does not recover from this.} (16. Qd2 $17) 16... Ba6 $19 17. Nb5 Qxb2 18. a4 Bc5 19. Rab1 Bxb5 20. Qxb5 Qxb5 21. Rxb5 Rac8 22. h3 Re4 23. Ra1 f5 24. Kf1 Rd4 25. d6 f4 26. Bh4 Rxd6 27. Be7 {And now Rxc5 would win.} Rd2 28. Bxc5 Rxc5 ({Don't take} 28... bxc5 29. Rxa5 g6 30. Rb5 $17) 29. Rxb6 $2 {[%mdl 4096] Endgame KRR-KRR} (29. Rb3) 29... Rcc2 30. Re1 {[#]} (30. f3 $19 Rf2+ 31. Kg1) 30... Rxf2+ {[%mdl 64] Double Attack. Black mates.} 31. Kg1 Rxg2+ 32. Kh1 f3 33. Rb8+ Kf7 34. Rb3 Rh2+ {[%mdl 64] [#] Double Attack} 35. Kg1 Rcg2+ 36. Kf1 Rh1# {Accuracy: White = 51%, Black = 95%.} 0-1

[Event "Chesscup Rapid 2020"]
[Site "Katowice"]
[Date "2020.09.13"]
[Round "2.4"]
[White "Tchorzewski, Kazimierz"]
[Black "Janik, Igor"]
[Result "0-1"]
[WhiteElo "1641"]
[BlackElo "2470"]
[Annotator "TA"]
[PlyCount "72"]
[EventDate "2020.09.12"]
[EventType "swiss"]
[EventCountry "POL"]
[SourceTitle "playchess.com"]
[Source "ChessBase"]
[SourceQuality "1"]

{[%evp 12,72,18,10,9,9,9,8,17,0,0,-11,21,0,19,0,0,-15,-6,-10,-10,-34,-14,-40,-29,-59,-47,-48,-35,-40,-38,-145,-155,-148,-132,-142,-118,-177,-211,-291,-78,-122,-99,-351,-337,-308,-346,-495,-505,-499,-472,-764,-261,-581,-616,-592,-581,-825,-698,-698,-697,-660,-647]} 1. e4 c6 2. d4 d5 3. Nc3 dxe4 4. Nxe4 Bf5 5. Ng3 Bg6 6. h4 h6 7. Nh3 e6 {B18: Classical Caro-Kann: 4...Bf5 sidelines.} 8. Nf4 Bh7 9. c3 Nf6 {The position is equal.} 10. Qf3 {Recently 10.Ngh5 got a lot of attention.} Nbd7 11. Bc4 Nb6 12. Bb3 Nbd5 13. Nfh5 a5 {[%cal Ba7a5,Ba5a4][%mdl 32] [#]} 14. a3 $146 ({Predecessor:} 14. a4 Qc7 15. O-O O-O-O 16. Bd2 Rg8 17. Nxf6 Nxf6 18. Bf4 Bd6 19. Bxd6 Rxd6 20. Rfe1 {½-½ (36) Sychev,K (2534)-Triapishko,A (2508) Sochi 2018}) 14... a4 15. Ba2 Bg6 $36 {[%mdl 2048] Black has good play.} 16. Bxd5 Nxd5 17. Nf4 Bh7 18. Ne4 Be7 19. g3 Ra5 20. Nd3 O-O 21. Bd2 ({Better is} 21. O-O $15) 21... Nf6 $1 $17 22. Nxf6+ Bxf6 23. Nc5 Rb5 {Threatens to win with ...e5.} 24. Bc1 (24. Be3 $17 {was worth a try.}) 24... e5 $19 25. c4 {[#]} Rb6 $2 (25... Qxd4 26. cxb5 Qxc5 27. bxc6 $15) (25... Rxc5 $1 $19 {[%mdl 512] is more deadly.} 26. dxc5 Bd3) 26. Nxa4 exd4 27. Nxb6 $4 {[%mdl 8192] This move loses the game for White.} (27. O-O $17) 27... Re8+ 28. Kf1 {And now Qb3 would win.} Be4 {[%mdl 64] Skewer} ({Don't do} 28... Qxb6 29. Kg1 $17) 29. Qb3 (29. Qd1 $142 Bxh1 30. Kg1) 29... Bxh1 30. Bd2 d3 {aiming for ...Bd4.} ({Less strong is} 30... Qe7 31. Re1 $17) 31. c5 {[#]} (31. Re1 $142 Rxe1+ 32. Kxe1) 31... Qd4 $2 (31... Bd4 $1 {[%mdl 512] ( -> ...Qf6!)} 32. Kg1 Re2 33. Kxh1 Rxd2) 32. Qb4 $2 (32. Re1 {was the crucial defense.} Rxe1+ 33. Kxe1) 32... Re2 {[%csl Ge2][%cal Rd4f2] Black is clearly winning.} 33. Qxd4 Bxd4 34. Nc4 Rxf2+ 35. Kg1 Rxd2+ {[%mdl 64] Discovered Attack} 36. Kxh1 Rc2 {Accuracy: White = 42%, Black = 82%.} 0-1

[Event "Chesscup Rapid 2020"]
[Site "Katowice"]
[Date "2020.09.13"]
[Round "2.5"]
[White "Klekowski, Maciej"]
[Black "Kulpa, Zuzanna"]
[Result "1-0"]
[WhiteElo "2511"]
[BlackElo "1806"]
[Annotator "TA"]
[PlyCount "71"]
[EventDate "2020.09.12"]
[EventType "swiss"]
[EventCountry "POL"]
[SourceTitle "playchess.com"]
[Source "ChessBase"]
[SourceQuality "1"]

{[%evp 19,71,20,16,-40,-36,-34,-28,-40,4,8,36,-37,-33,-116,8,9,29,-28,-31,-48,0,0,0,-33,4,-14,0,-8,5,-18,-7,-80,-83,-137,0,-40,0,0,322,323,374,375,549,593,706,702,693,678,609,179,481,430,801,769]} 1. c4 c5 2. Nc3 Nf6 3. Nf3 d5 4. cxd5 Nxd5 5. g3 Nc6 6. Bg2 Nc7 7. O-O e5 8. d3 Be7 9. Nd2 O-O {is recently more successful than 9...Bd7. Played by Ian Nepomniachtchi in June 2020.} 10. Nc4 f6 11. a4 {A34: Symmetrical English: 2 Nc3, lines with ...d5.} (11. f4 $11) 11... Be6 $15 12. a5 Qd7 13. Qa4 {Black has an edge.} Rab8 {[#]} 14. f4 $146 ({Predecessor:} 14. Be3 Nd5 15. Rfc1 Rfd8 16. Qb5 Nc7 17. Qa4 Nd4 18. Bxd4 cxd4 19. Qxd7 Rxd7 20. Ne4 {1-0 (70) Sheremet,A (2095)-Kovacevic,V (2210) Eilat 2012}) 14... Nd5 15. Bd2 (15. fxe5 $14 Rbe8 16. Rf2) 15... exf4 16. gxf4 (16. Nxd5 $15 Bxd5 17. Bxd5+ Qxd5 18. Bxf4) 16... Nxc3 (16... Ndb4 $17 17. Be1 Rfd8) 17. bxc3 $11 Bh3 18. Ne3 (18. Bxh3 $142 Qxh3 19. Rf3 Qg4+ 20. Kh1) 18... Bxg2 19. Kxg2 b6 20. axb6 axb6 21. Rab1 Qb7 22. Rf3 b5 23. Qe4 $36 {[%mdl 2048] White has some pressure.} Nd8 24. Nd5 Bd6 {Hoping for ...f5.} 25. f5 {[#]} (25. c4 $11 Qf7 26. cxb5 (26. Rxb5 $2 f5 $19)) 25... Nf7 $1 $17 {Strongly threatening ...Rfe8.} 26. c4 ({White should play} 26. Nf4) 26... b4 (26... Rfe8 $17 27. Qg4 Rxe2+ {[%mdl 64] Double Attack} 28. Rf2 Rxf2+ 29. Kxf2 Ne5 {[%mdl 64] Double Attack}) 27. Rh3 h6 28. Kf2 {And now Rg1 would win.} Ng5 $2 {[%mdl 8192]} (28... Be5 $11 {and Black stays safe.}) 29. Bxg5 $1 $18 fxg5 30. Qe6+ {[%mdl 64] [#] Double Attack} Qf7 (30... Kh7 {keeps fighting.} 31. Qg6+ Kh8) 31. Qxd6 Qxf5+ 32. Rf3 Qg4 33. Ne7+ Kh7 34. Ng6 $2 (34. Qg6+ Kh8 35. Nf5 Rxf5 36. Qxf5 Qd4+ 37. Kf1) 34... Rxf3+ $2 (34... Rfd8 {is more resistant.} 35. Nf8+ (35. Qxc5 Kxg6 36. Rxb4 Rxb4 $14) 35... Rxf8) 35. exf3 Qh5 (35... Qc8 $142 36. Ne7 Qd8 37. Qxc5 Qxd3 38. Qf5+ Qxf5 39. Nxf5 Kg8) 36. Qxb8 {Accuracy: White = 50%, Black = 36%.} 1-0

[Event "Chesscup Rapid 2020"]
[Site "Katowice"]
[Date "2020.09.13"]
[Round "2.6"]
[White "Czyz, Andrzej"]
[Black "Jakubowski, Krzysztof"]
[Result "0-1"]
[WhiteElo "1902"]
[BlackElo "2481"]
[Annotator "TA"]
[PlyCount "95"]
[EventDate "2020.09.12"]
[EventType "swiss"]
[EventCountry "POL"]
[SourceTitle "playchess.com"]
[Source "ChessBase"]
[SourceQuality "1"]

{[%evp 9,95,0,0,0,0,-3,22,8,15,-28,-16,-36,-43,-68,-39,-45,-18,-18,0,-25,12,0,0,0,0,-287,-287,-603,-611,-608,-602,-579,-579,-555,-547,-539,-543,-536,-506,-506,-506,-775,-777,-750,-712,-836,-833,-828,-808,-821,-804,-790,-698,-691,-693,-695,-696,-693,-691,-692,-651,-717,-705,-727,-675,-662,-667,-662,-654,-764,-789,-867,-839,-1493,-1982,-4902,-4902,-29991,-29987,-29987,-29988,-29988,-29989,-29989,-29990,-29990,-29985,-29993]} 1. b4 e5 2. Bb2 d6 3. c4 Nd7 4. d4 a5 5. b5 Ngf6 6. e3 {A00: Irregular Openings.} g6 7. Nf3 Qe7 {[#]} 8. dxe5 $146 {The position is equal.} ({Predecessor:} 8. Be2 Bg7 9. O-O O-O 10. Qc2 b6 11. Nc3 Bb7 12. dxe5 dxe5 13. e4 c6 14. bxc6 Bxc6 {1-0 (48) Fiedler,P-Meyer,T DESC email 2003}) 8... dxe5 9. Nbd2 Bg7 10. Bc3 O-O 11. Be2 e4 12. Nd4 $1 Re8 13. a4 h5 14. h3 h4 15. N2b3 Nc5 16. O-O Nfd7 17. Bxa5 $2 {[%mdl 8192] Black converts the advantage convincingly.} (17. Nxa5 $11 {and White stays safe.} Nb6 18. Bb4) 17... Bxd4 $1 $19 18. Nxc5 $2 (18. exd4 Nxb3 19. Qxb3 Rxa5 20. c5) 18... Bxa1 19. Qxa1 {and if Nxd7 works, White does fine.} Rxa5 20. Nb3 Ra8 21. a5 Nc5 22. Nd4 Qg5 {[#] ...Bxh3 is the strong threat.} 23. Kh1 Ne6 24. Nb3 Rd8 25. f4 (25. Qa3 $142) 25... exf3 26. Rxf3 Qe7 27. e4 Ng5 {[%mdl 64] [#] Double Attack} 28. Re3 Nxe4 {And now ...Nf2+ would win.} 29. Kg1 f5 30. Bf3 Qg7 31. Qe1 Re8 32. Qxh4 Be6 33. Bxe4 fxe4 34. Rxe4 Bf5 35. Rd4 Qe5 36. Qf2 Qe1+ 37. Qxe1 Rxe1+ 38. Kf2 Rb1 39. Nc5 Rxa5 40. g4 b6 41. Nb7 Ra3 42. Rd2 Be4 43. Nd8 Rh1 {Black mates.} 44. Re2 Rh2+ 45. Ke1 Ra1+ 46. Kd2 Ra2+ 47. Ke3 Rhxe2+ 48. Kd4 {Accuracy: White = 63%, Black = 73%.} 0-1

[Event "Chesscup Rapid 2020"]
[Site "Katowice"]
[Date "2020.09.13"]
[Round "2.7"]
[White "Krasenkow, Michal"]
[Black "Blasiak, Miroslaw"]
[Result "1-0"]
[WhiteElo "2605"]
[BlackElo "1599"]
[Annotator "TA"]
[PlyCount "97"]
[EventDate "2020.09.12"]
[EventType "swiss"]
[EventCountry "POL"]
[SourceTitle "playchess.com"]
[Source "ChessBase"]
[SourceQuality "1"]

{[%evp 18,97,-20,-20,9,12,52,38,54,52,52,51,54,56,62,28,56,40,41,0,-7,-15,0,8,8,0,40,-38,-40,-41,-38,-45,0,0,25,0,0,0,0,-27,3,8,0,-12,6,6,8,13,58,64,86,90,91,85,130,127,132,132,195,139,350,341,341,341,2157,2406,2054,1924,1535,1333,1622,1219,29961,29958,29951,29945,29959,29956,29988,29989,29989,29984]} 1. e4 e5 2. Nf3 Nc6 3. Bb5 a6 4. Ba4 Nf6 5. d4 exd4 6. O-O Be7 7. Re1 O-O 8. e5 Ne8 9. Nxd4 {was the old line (9.Bf4).} Nxd4 10. Qxd4 c5 {C84: Closed Ruy Lopez: Unusual White 6th moves.} 11. Qe4 Rb8 {Threatens to win with ...b5.} (11... Nc7 $5 {[%cal Rb7b5]} 12. c4 d5 13. exd6 Bxd6 $14) 12. c4 $1 {[#]} b5 $146 {And now ...Bb7 would win.White is slightly better.} ({Predecessor:} 12... g6 13. Nc3 b6 14. Bf4 Nc7 15. Rad1 Ne6 16. Be3 Bb7 17. Qg4 Bc8 18. Ne4 Kg7 19. Nd6 Bxd6 20. Rxd6 b5 21. Bb3 Qa5 22. Red1 b4 23. Qh4 Kg8 24. Bh6 Re8 25. Qf6 {1-0 (25) Horvath,J (2098)-Kovacs,T (2017) Hungary 2003}) 13. Bc2 {[%csl Gc2][%cal Re4h7]} g6 14. Bh6 Ng7 15. Nc3 Bb7 16. Nd5 Bg5 17. Bxg5 Qxg5 18. h4 Bxd5 $1 19. cxd5 Qe7 20. d6 Qe6 21. Qf3 f6 22. exf6 (22. Be4 $14 Kh8 23. Bd5) 22... Qxf6 $15 23. Qxf6 Rxf6 24. Rad1 Rbf8 25. f3 Ne6 26. Rd5 Rf4 27. Re4 Kg7 28. a4 h6 29. axb5 axb5 30. b4 cxb4 {...Rc8 is the strong threat.} 31. Rxb5 Nd4 32. Rxb4 Rxe4 33. Bxe4 $11 {[%mdl 4096] Endgame KRB-KRN} Ne2+ 34. Kf2 Nf4 35. Rb7 Rf7 36. Bc2 Ne6 37. Ke3 Kf6 {[#]} (37... Nf8 $16 {might work better.} 38. Ba4 h5) 38. f4 (38. g4 $1 $18) 38... Nc5 $2 {This costs Black the game.} (38... Rf8 $16) 39. Rb5 $18 Ne6 40. f5 gxf5 $2 (40... Ng7 41. fxg6 Rf8) 41. Rxf5+ Kg7 42. Rxf7+ Kxf7 {KB-KN} 43. Ke4 Kf6 44. g4 Nf8 {[#]} 45. Kd5 $1 {White mates.} Ne6 46. Bf5 Nf8 47. h5 Kg5 48. Ke5 Kh4 49. Kf6 {Accuracy: White = 79%, Black = 40%.} 1-0

[Event "Chesscup Rapid 2020"]
[Site "Katowice"]
[Date "2020.09.13"]
[Round "2.8"]
[White "Szwaj, Justyna"]
[Black "Golubka, Petro"]
[Result "0-1"]
[WhiteElo "1807"]
[BlackElo "2488"]
[Annotator "TA"]
[PlyCount "80"]
[EventDate "2020.09.12"]
[EventType "swiss"]
[EventCountry "POL"]
[SourceTitle "playchess.com"]
[Source "ChessBase"]
[SourceQuality "1"]

{[%evp 9,80,54,62,39,43,54,56,23,42,39,31,17,74,68,46,54,68,16,42,0,0,5,58,-65,-13,-139,-156,-164,-167,-158,-144,-168,-167,-250,-252,-256,-256,-262,-226,-222,-184,-266,-183,-477,-514,-502,-473,-630,-600,-625,-616,-619,-616,-711,-709,-784,-675,-673,-672,-659,-644,-671,-139,-118,-118,-647,-625,-611,-572,-643,-637,-931,-696]} 1. e4 b6 2. d4 Bb7 3. Nc3 g6 4. Nf3 Bg7 5. Bc4 e6 6. Bg5 {B00: Queen's Fianchetto Defence, Nimzowitsch Defence.} Ne7 7. Qd2 h6 8. Bh4 {White is slightly better.} d6 9. O-O-O Nd7 10. Rhe1 {[#]} g5 $146 (10... a6 $11) ({Predecessor:} 10... a6 11. Ng1 Nf8 12. f4 Qd7 13. Nf3 O-O-O 14. Qe2 g5 15. fxg5 hxg5 16. Bxg5 f6 {1-0 (36) Schwab,T (1995)-Weissgerber,P (1715) Polch 1990}) 11. Bg3 $16 Ng6 12. Kb1 a6 13. h3 (13. e5 $14) 13... Qe7 14. Nh2 b5 15. Bb3 h5 (15... O-O $11) 16. f4 (16. Nf3 $14) 16... h4 ({Better is} 16... gxf4 $15 17. Bxf4 Nxf4 18. Qxf4 O-O-O) 17. Nd5 (17. Bf2 $11 {was the only way to keep the balance.}) 17... exd5 $17 18. exd5 hxg3 19. Rxe7+ Kxe7 ({Resist} 19... Nxe7 20. Nf3 $17) 20. Qe3+ Kf8 21. Qxg3 (21. f5 $142) 21... gxf4 $19 22. Qc3 {[#]} Rc8 $1 23. Ng4 Rh5 24. Qf3 Rh4 25. Re1 (25. c3 $142) 25... Nf6 26. Ne5 $2 (26. c3) 26... dxe5 27. dxe5 Re8 28. Qf2 Nxd5 29. Qc5+ Nge7 30. e6 f5 31. a4 {[#]} f3 $1 32. Qf2 (32. gxf3 Bd4) 32... Re4 33. gxf3 Rxe1+ 34. Qxe1 c5 35. Qh4 {Strongly threatening Qh5.} c4 $2 (35... Bc8 $19 36. Bxd5 Nxd5) 36. Qh5 $17 {[%csl Ge6][%cal Rh5f7] [#]} Ng6 $1 37. Qxf5+ $2 {[%mdl 8192] Now White is beyond hope.} (37. Qxg6 $17 Re7 38. Qxf5+ Bf6 39. Ba2) 37... Bf6 $19 {Black is clearly winning.} 38. Qxg6 {[%csl Ge6][%cal Rg6f7]} Rxe6 39. Qh6+ Ke8 40. Ba2 Re1+ {Accuracy: White = 34%, Black = 68%.} 0-1

[Event "Chesscup Rapid 2020"]
[Site "Katowice"]
[Date "2020.09.13"]
[Round "2.9"]
[White "Sadzikowski, Daniel"]
[Black "Wnek, Filip"]
[Result "1-0"]
[WhiteElo "2527"]
[BlackElo "1981"]
[Annotator "TA"]
[PlyCount "105"]
[EventDate "2020.09.12"]
[EventType "swiss"]
[EventCountry "POL"]
[SourceTitle "playchess.com"]
[Source "ChessBase"]
[SourceQuality "1"]

{[%evp 21,105,20,31,27,27,22,24,24,26,26,39,22,62,53,67,56,91,92,89,76,79,76,79,76,76,76,76,72,72,71,72,66,72,66,68,66,76,68,72,8,111,92,92,91,91,91,91,91,91,91,84,71,78,78,95,26,26,31,32,26,26,26,26,26,26,26,26,26,26,26,26,26,26,26,26,26,29980,29981,29981,29982,29982,29983,29983,29984,29984,29985]} 1. e4 c5 2. Nf3 d6 3. Bb5+ Bd7 4. Bxd7+ Qxd7 5. c4 Nc6 6. d4 cxd4 7. Nxd4 Nf6 8. Nc3 e6 9. O-O Be7 10. Be3 O-O 11. Qe2 Rac8 12. Rfd1 {B52: Sicilian: Moscow Variation with 3...Bd7.} a6 13. Rac1 Qc7 14. b3 {White has an edge.} Rfd8 15. Nxc6 bxc6 {[#]} 16. Bf4 $146 ({Predecessor:} 16. Na4 c5 17. Bg5 h6 18. Bd2 Qc6 19. f3 Rb8 20. Qf2 Qc7 21. Bc3 Nh5 22. f4 Nf6 23. Re1 Qc6 24. Qf3 Qb7 25. Rcd1 Rd7 26. Rd3 Qc7 27. f5 {1-0 (27) Lukas,M (2088)-Rinkewitz,F (1872) GER email 2009}) 16... e5 17. Be3 Nd7 18. Na4 Nc5 19. Nxc5 dxc5 20. Rc2 Rxd1+ 21. Qxd1 Rd8 {[%cal Rd8d1] [#]} 22. Rd2 Rxd2 23. Qxd2 Qd6 24. Qxd6 (24. Qc2 {feels hotter.} h6 25. Qd2 Qxd2 26. Bxd2 Kf8 27. Bc3) 24... Bxd6 $16 {[%mdl 4096] Endgame KB-KB} 25. Kf1 Kf8 26. Ke2 Ke7 27. Kd2 Kd7 28. Kc2 Kc7 29. g3 f6 30. f4 (30. g4 $16) 30... Kb7 (30... exf4 $11 31. gxf4 g5) 31. fxe5 fxe5 32. Kb2 Be7 33. Ka3 Kc7 34. Ka4 Kb7 35. h3 h5 36. g4 hxg4 37. hxg4 g5 38. a3 ({White should try} 38. Ka3 $16) 38... Kc7 $11 39. Ka5 Kb7 40. b4 cxb4 41. axb4 Bd8+ 42. Ka4 Kc7 43. Bc5 Kd7 44. Bf2 Ke6 45. Ba7 Bc7 46. Kb3 Kf6 47. Ka3 Ke6 48. Ka4 Kf6 $2 {[%mdl 8192] [#] A mistake that costs the game.} (48... Kd7 $11) 49. c5 $1 {White mates.} Ke6 50. Bb6 Kd7 51. Ka5 $1 Bb8 52. Kxa6 Kc8 53. Ba5 {Accuracy: White = 92%, Black = 82%.} 1-0